00849 a2200169 45000010006000000050017000060080041000230030015000640400040000790800055001192450043001742640039002173000029002565050359002851000018006447000017006624593720260407155732.0260407a1976 arg spa dAR-UNSa-BCEJYS aAR-UNSa-BCEJYSbspacAR-UNSa-BCEJYS a316.2xPuntos de vista y corrientes sociológicas10aLas etapas del pensamiento sociologico 1aBuenos Aires :bSiglo Veintec1976 a2v.(346, 405 p.)c20 cm. aVOL. I.: Primera Parte: LOS FUNDADORES: 1. Charles-Louis de Secondat barón de Montesquieu – 2. Augusto Comte – 3. Carlos Marx – 4. Alexis de Tocqueville – 5. Los sociólogos y la revolución de 1848. - - VOL. II. : Segunda Parte: LA GENERACION DE FIN DE SIGLO: 1. Introducción – 2. Emile Durkheim – 3. Vilfredo Pareto – 4. Max Weber. 1 aAron, Raymond1 aLeal, Anibal